000 00191 a2200097 4500
001 1624
100 _aMolloy, E.
245 _aFitting practice
260 _a
_bNewnes
_c
090 _c1162
_d1162
942 _aNUST-CAE
_cM
_c1803
999 _c236697
_d236697